Un análisis de los determinantes económicos de la migración mexicana legal e ilegal hacia los Estados Unidos (Registro nro. 26735)

Detalles MARC
000 -LEADER
fixed length control field 00479 a2200133 4500
001 - CONTROL NUMBER
control field ART_13551
005 - DATE AND TIME OF LATEST TRANSACTION
control field 20260410161910.0
008 - FIXED-LENGTH DATA ELEMENTS--GENERAL INFORMATION
fixed length control field 260409a
100 1# - MAIN ENTRY--PERSONAL NAME
Personal name Johnson, Harry G.
245 10 - TITLE STATEMENT
Title Un análisis de los determinantes económicos de la migración mexicana legal e ilegal hacia los Estados Unidos
700 1# - ADDED ENTRY--PERSONAL NAME
Personal name Blejer, Mario I.
700 1# - ADDED ENTRY--PERSONAL NAME
Personal name Porzecansky, Arturo C.
773 0# - HOST ITEM ENTRY
Title Demografía y economía
Related parts - Vol. XI, Nº 33 (sep./dic. 1977)
Record control number REV13200

No hay ítems disponibles.